00764nam a2200253 a 4500001001300000003000900013005001700022008004100039020002300080082001500103100002100118245005900139260003600198300000900234500003500243505002400278650001400302650002500316700002100341902000800362942000700370952011600377999001700493nice12345678IN_TiNIC20260116014011.0121129s1990 newa grp 000 0 eng  a9780140137354c39900a155.3bFOU aFoucault, Michel aCare of the Selfb The History of Sexuality (volume 3) aNew DelhibPenguin Books c1990 a279p aincludes index and biblioraphy2 aBibliography, Index aSexuality aSexuality-Psychology1 aFoucault, Michel bSRS cBK 001040708StackRoom-aHMIbHMId2012-11-29g399.00l0o155.3 FOUp023946r2012-11-29v399.00w2012-11-29yBK c13442d13442